000 00319nam a2200133 i 4500
001 bg
100 1 _aWIEPRZKOWSKI, Jerzy
245 0 _aVademecum konserwacji książki /
_cJ. Wieprzkowski.
260 _aWarszawa,
_c1983.
040 _cBPK
041 _apol
942 _cKS
008 s pl f |000 0 pol
999 _c21673
_d21673
856 _uhttp://koha.tu.koszalin.pl/cgi-bin/koha/opac-detail.pl?biblionumber=21673
_yKatalog online BPK